| 000 | 00522nam a22001697a 4500 | ||
|---|---|---|---|
| 005 | 20240827093107.0 | ||
| 008 | 240827b |||||||| |||| 00| 0 eng d | ||
| 020 | _a978-969-9515-23-1 | ||
| 082 |
_a332.66 _bAYU-C |
||
| 100 | _aAyub, Mehar,.Dr. | ||
| 245 |
_aCommon Sense Economics/ _bWhat Everyone should know about weallth and Prosperity/ _cDr. Ayub Mehar |
||
| 260 |
_aIslamabad; _bEconomic Freedom Network Pakistan; _c2014 |
||
| 300 |
_ax, 199 p.: _bill.; _c21 cm. |
||
| 650 | _aEconomics | ||
| 999 |
_c36467 _d36467 |
||